00461nam a2200145Ia 4500008004100000020001000041040001700051041001200068082001800080100002400098245004200122260005600164300001300220500008200233230917s9999||||xx |||||||||||||| ||und|| cRS625 e259684aMAIN aEnglish a294.594 D448D aDerrett, J Duncan M 0aDharmasastra and juridical literature aNew DelhibManohar Publisher and Distributorsc2020 ax, 75 p. a3813 12/12/2019 RK19/2622 11/12/2019 Ch. Ranbir Singh Institute of Social and